zgadnij jedzenie - Statystyki

Ogólne statystyki
  • Ten quiz został rozwiązany 40 razy
  • Średni wynik to 4 z 8
Statystyki odpowiedzi
Obrazkowy Odpowiedź % Poprawnych
kurczak
100%
makaron
97%
gofry
95%
ciasto
73%
baton
65%
chleb z truskawką
5%
masło i mąka
5%
ser gouda i winogrona zielone
3%
Nie znaleziono quizów pasujących do podanych kryteriów
Rozkład punktacji
Procent ludzi z każdym wynikiem
Percentyl według liczby udzielonych odpowiedzi
Twoja historia wyników
Nie rozwiązałeś tego quizu